000 00328nam a2200133 a 4500
005 20140414093828.0
008 030502s19uu xx 00 eng d
050 _aVHS 500
_bR 02
245 _aVideo 10 Human beings, Video 17 Astronomy.
650 _aAstronomy.
650 _aHuman beings.
942 _cAVM
999 _c108534
_d108534